Autocad 2009 và autocad lý thuyết 2009 cho người mới bắt đầu : Thực hành từng bước- ứng dụng vẽ các kiểu nhà mới nhất hiện nay

Sách trình bày về việc sử dụng các Block đọng và bảng, tạo các mặt chiếu, làm việc với các ký hiệu mặt cắt và Gradient, định kích thước một bản vẽ,quản lý các tham chiếu ngoài, sử dụng các layout để thiết lập một bản in, in một bản vẽ...

Popoln opis

Shranjeno v:
Bibliografske podrobnosti
Glavni avtor: Trần, Nguyễn Hoài Linh
Format: Knjiga
Jezik:Undetermined
Izdano: Hà Nội Hồng Đức 2008
Teme:
Oznake: Označite
Brez oznak, prvi označite!
Thư viện lưu trữ: Trung tâm Học liệu Trường Đại học Cần Thơ
LEADER 01389nam a2200229Ia 4500
001 CTU_150930
008 210402s9999 xx 000 0 und d
020 |c 57000 
082 |a 620.00420285 
082 |b L312/T.2 
100 |a Trần, Nguyễn Hoài Linh 
245 0 |a Autocad 2009 và autocad lý thuyết 2009 cho người mới bắt đầu : 
245 0 |b Thực hành từng bước- ứng dụng vẽ các kiểu nhà mới nhất hiện nay 
245 0 |c Trần Nguyễn Hoài Linh; Nhóm tin học ứng dụng 
260 |a Hà Nội 
260 |b Hồng Đức 
260 |c 2008 
520 |a Sách trình bày về việc sử dụng các Block đọng và bảng, tạo các mặt chiếu, làm việc với các ký hiệu mặt cắt và Gradient, định kích thước một bản vẽ,quản lý các tham chiếu ngoài, sử dụng các layout để thiết lập một bản in, in một bản vẽ Autocad 2009, tạo hình học 3d và cuối cùng là các chất liệu và kết xuất. 
650 |a Autocad (computer programs),Engineering drawing,Kỹ thuật vẽ 
650 |x Computer programs,Chương trình máy tính 
904 |i Trần Thị Kim Thi 
980 |a Trung tâm Học liệu Trường Đại học Cần Thơ